000 00550nam a2200181Ia 4500
999 _c22787
_d22787
003 OSt
005 20200515090746.0
008 190216s9999||||xx |||||||||||||| ||und||
020 _a9781850434665
040 _coclc
082 _a297.89177
_bENA/M
100 _aEnayat, Hamid
_92232
245 0 _aModern Islamic Political Thought /
_cHamid Enayat
260 _bI.B.Tauris,
_c2004.
_aLondon:
300 _a225p
650 0 _aHistory & geography
_vIslamic History
_92271
942 _cBK
_2ddc
_h297.89177
_iENA/M
_k297.89177
_mENA/M